000 00812cam a22002413a 4500
001 30250
003 PGUSA
005 20140828083643.0
008 091013s2009||||xxu|||||s|||||000 | eng d
040 _aPGUSA
_beng
042 _adc
050 4 _aBL
100 1 _aMurray, Gilbert,
_d1866-1957
245 1 0 _aFive Stages of Greek Religion
_h[electronic resource] /
_cGilbert Murray
260 _bProject Gutenberg,
_c2009
505 0 _aSaturnia Regna -- The Olympian conquest -- The great schools -- The failure of nerve -- The last protest -- Appendix: Translation of the treatise of Sallustius.
506 _aPublic domain in the USA.
516 _aElectronic text
653 _aGreece -- Religion
830 0 _aProject Gutenberg
_v30250
856 4 0 _uhttp://www.gutenberg.org/ebooks/30250
942 _cEB
999 _c259505
_d259505